00692nam a22001817a 4500020001800000082001700018100002600035245005400061260003700115300002600152490004100178500005100219650006200270700002000332942000700352999001700359952013400376 a9788184893403 a621.3821 GAV aGavrilovska, Liljana. aAd hoc networking towards seamless communications aNew Delhi, IndiabSpringerc2006 axxvii, 284 p.bill. ; aSignals and communication technology aIncludes bibliographical references and index. a1. Wireless communication systems. 2. Computer networks. aPrasad, Ramjee. cBK c12643d12643 001040708NFICaCLbCLcGENd2013-12-27eAllied Book Companyg1386.48l0o621.3821 GAVpSEECS012940r2014-01-14w2014-01-14yBK